000 00622nam a2200229 i 4500
001 C2-0262990
003 PPAK
005 20180727231905.0
008 050308s1996 su |||| ||||| | eng d
040 _aPPAK
_beng
_cPPAK
_erda
082 0 4 _a297
_223
090 0 0 _a297
_bSHA
_dG
100 1 _aShahid, Muhammad Haneef,
_eauthor
245 1 0 _aWhy Islam is our only choice
264 1 _aRiyadh-Saudi Arabia :
_bDar-us-Salam Publications ,
_c1996
300 _a328 pages ;
_c22 cm
336 _2rdacontent
_atext
337 _2rdamedia
_aunmediated
338 _2rdacarrier
_avolume
650 1 0 _aIslam.
942 _ddc
_cB
999 _c73246
_d73246